|
|
|
|
| LEADER |
03473nam a2200829 i 4500 |
| 001 |
nkc20213312597 |
| 003 |
CZ PrNK |
| 005 |
20240704081248.0 |
| 007 |
ta |
| 008 |
210316t20212021xr abcee c 001 0dcze |
| 015 |
|
|
|z cnb003312597
|
| 020 |
|
|
|a 978-80-270-9450-9
|q (brožováno)
|
| 040 |
|
|
|a BOA001
|b cze
|d ABA001
|e rda
|
| 041 |
1 |
|
|a cze
|b eng
|
| 043 |
|
|
|a e-xr---
|
| 045 |
|
|
|a u-u-
|
| 072 |
|
7 |
|a 37
|x Výchova a vzdělávání
|2 Konspekt
|9 22
|
| 080 |
|
|
|a 37.011.3-051
|2 MRF
|
| 080 |
|
|
|a 27-335
|2 MRF
|
| 080 |
|
|
|a 274/278-1-051
|2 MRF
|
| 080 |
|
|
|a 7.04
|2 MRF
|
| 080 |
|
|
|a 930.1:159.953
|2 MRF
|
| 080 |
|
|
|a 316.7:930
|2 MRF
|
| 080 |
|
|
|a 002.2:929
|2 MRF
|
| 080 |
|
|
|a (437.3)
|2 MRF
|
| 080 |
|
|
|a (083.824)
|2 MRF
|
| 080 |
|
|
|a (082.2)
|2 MRF
|
| 100 |
1 |
|
|a Urbánek, Vladimír,
|d 1963-
|7 xx0002390
|4 aut
|
| 245 |
1 |
0 |
|a J.A.K. :
|b Komenský v kulturách vzpomínání /
|c Vladimír Urbánek, Lenka Řezníková, Tomáš Havelka, Helena Kovářová, Kateřina Horníčková
|
| 246 |
3 |
0 |
|a Komenský v kulturách vzpomínání
|
| 250 |
|
|
|a 1. vydání
|
| 264 |
|
1 |
|a Praha :
|b Filosofický ústav AV ČR, v.v.i.,
|c [2021]
|
| 264 |
|
4 |
|c ©2021
|
| 300 |
|
|
|a 175 stran :
|b ilustrace (převážně barevné), 1 mapa, portréty, 1 plán, faksimile ;
|c 24 cm
|
| 336 |
|
|
|a text
|b txt
|2 rdacontent
|
| 336 |
|
|
|a statický obraz
|b sti
|2 rdacontent
|
| 337 |
|
|
|a bez média
|b n
|2 rdamedia
|
| 338 |
|
|
|a svazek
|b nc
|2 rdacarrier
|
| 500 |
|
|
|a Katalog ke stejnojmenné výstavě konané v Galerii Věda a umění Akademie věd České republiky ve dnech 8.9.-21.10.2020
|
| 504 |
|
|
|a Obsahuje bibliografii a rejstřík
|
| 546 |
|
|
|a Anglické resumé
|
| 600 |
1 |
7 |
|a Komenský, Jan Amos,
|d 1592-1670
|7 jk01061444
|2 czenas
|
| 648 |
|
7 |
|a 17. století
|7 ch460555
|2 czenas
|
| 650 |
0 |
7 |
|a pedagogové
|7 ph137912
|z Česko
|y 17. století
|2 czenas
|
| 650 |
0 |
7 |
|a křesťanští filozofové
|7 ph122142
|z Česko
|y 17. století
|2 czenas
|
| 650 |
0 |
7 |
|a evangeličtí teologové
|7 ph120051
|z Česko
|y 17. století
|2 czenas
|
| 650 |
0 |
7 |
|a náměty, témata a motivy
|7 ph138485
|2 czenas
|
| 650 |
0 |
7 |
|a historické vědomí
|7 ph573524
|z Česko
|2 czenas
|
| 650 |
0 |
7 |
|a vzpomínková kultura
|7 ph1117925
|z Česko
|2 czenas
|
| 650 |
0 |
7 |
|a komeniana
|7 ph218064
|2 czenas
|
| 650 |
0 |
9 |
|a educationalists
|z Czechia
|y 17th century
|2 eczenas
|
| 650 |
0 |
9 |
|a Christian philosophers
|z Czechia
|y 17th century
|2 eczenas
|
| 650 |
0 |
9 |
|a Evangelical theologians
|z Czechia
|y 17th century
|2 eczenas
|
| 650 |
0 |
9 |
|a themes and motives
|2 eczenas
|
| 650 |
0 |
9 |
|a historical consciousness
|z Czechia
|2 eczenas
|
| 650 |
0 |
9 |
|a culture of remembrance
|z Czechia
|2 eczenas
|
| 650 |
0 |
9 |
|a Comeniology (sources)
|2 eczenas
|
| 655 |
|
7 |
|a katalogy výstav
|7 fd132536
|2 czenas
|
| 655 |
|
7 |
|a jubilejní publikace
|7 fd131839
|2 czenas
|
| 655 |
|
9 |
|a exhibition catalogs
|2 eczenas
|
| 655 |
|
9 |
|a jubilee books
|2 eczenas
|
| 700 |
1 |
|
|a Řezníková, Lenka,
|d 1970-
|7 mzk2004265383
|4 aut
|
| 700 |
1 |
|
|a Havelka, Tomáš,
|d 1967-
|7 jx20100211009
|4 aut
|
| 700 |
1 |
|
|a Kovářová, Helena,
|d 1975-
|7 xx0038606
|4 aut
|
| 700 |
1 |
|
|a Horníčková, Kateřina,
|d 1973-
|7 mzk2008434087
|4 aut
|
| 710 |
2 |
|
|a Galerie Věda a umění (Praha, Česko)
|7 ko2017940464
|4 orm
|
| 910 |
2 |
|
|a BOA001
|b 2-1473.258
|
| 990 |
|
|
|a BK
|
| 995 |
|
|
|a 11
|
| 991 |
|
|
|b 202109
|c NOV
|
| 996 |
6 |
|
|b 2610876939
|c 2-1473.258
|l MZK
|r Sklad / do 1 hodiny
|n 1
|p p.v.
|w 001861999
|u 000010
|a 1
|e BOA001
|j MZK50
|s P
|
| 996 |
7 |
|
|b 2610896725
|c 2-1473.258
|l MZK
|r Sklad / do 1 hodiny
|n 0
|p dar
|w 001861999
|u 000020
|a 1
|e BOA001
|j MZK50
|s A
|